[Event "Trophee Roza Lallemand Online"]
[Site "Tornelo INT"]
[Date "2020.12.13"]
[Round "8"]
[White "Lopneva, Christina"]
[Black "Milroy, Melena"]
[Result "1-0"]
[WhiteElo "1011"]
[BlackElo "1704"]
[PlyCount "33"]
[EventDate "2020.12.13"]
[EventType "swiss (rapid)"]
[EventRounds "9"]
[EventCountry "USA"]
[SourceTitle "EXT 2022"]
[Source "ChessBase"]
[SourceDate "2021.10.06"]
[SourceVersion "1"]
[SourceVersionDate "2021.10.06"]
[SourceQuality "1"]

1. e4 d5 2. exd5 Nf6 3. d4 Nxd5 4. c4 Nb4 5. Qa4+ N8c6 6. a3 Na6 7. d5 Bd7 8. dxc6 Bxc6 9. Qc2 Qd6 10. Nc3 0-0-0 11. Nb5 Qc5 12. Be3 Qe5 13. Nxa7+ Kb8 14. Nxc6+ bxc6 15. c5 Ka7 16. Nf3 Qf6 17. Qa4 1-0

[Event "Trophee Roza Lallemand Online"]
[Site "Tornelo INT"]
[Date "2020.12.13"]
[Round "9"]
[White "Milroy, Melena"]
[Black "Dupre, Elena"]
[Result "0-1"]
[WhiteElo "1704"]
[BlackElo "1334"]
[PlyCount "100"]
[EventDate "2020.12.13"]
[EventType "swiss (rapid)"]
[EventRounds "9"]
[EventCountry "USA"]
[SourceTitle "EXT 2022"]
[Source "ChessBase"]
[SourceDate "2021.10.06"]
[SourceVersion "1"]
[SourceVersionDate "2021.10.06"]
[SourceQuality "1"]

1. e4 g6 2. Nc3 Bg7 3. Bc4 e6 4. d3 c5 5. f4 Nc6 6. Nf3 d6 7. Bb5 Nge7 8. 0-0 0-0 9. Qe1 a6 10. Bxc6 Nxc6 11. Qg3 f6 12. Qh3 d5 13. f5 exf5 14. Bh6 fxe4 15. Qh4 exf3 16. Rxf3 Ne5 17. Rg3 f5 18. Bg5 Qd6 19. Rh3 h5 20. Be7 Qe6 21. Bxf8 Kxf8 22. Qd8+ Kf7 23. Nxd5 Nc6 24. Qc7+ Qd7 25. Qxd7+ Bxd7 26. Nb6 Rd8 27. Re1 Be6 28. Rhe3 Bd4 29. Nc4 Bxe3+ 30. Rxe3 Bxc4 31. dxc4 Nd4 32. c3 Nc6 33. Re5 b6 34. Rd5 Ke7 35. Kf2 Rd6 36. Ke3 Ke6 37. Rxd6+ Kxd6 38. Kf4 Ne5 39. b3 Ke6 40. g3 Kf6 41. h3 g5+ 42. Ke3 h4 43. gxh4 gxh4 44. Kf4 Nd3+ 45. Kf3 Ke5 46. a3 Nf4 47. b4 Nxh3 48. Kg2 Ng5 49. a4 Ne4 50. b5 a5 0-1

[Event "Trophee Roza Lallemand Online"]
[Site "Tornelo INT"]
[Date "2020.12.13"]
[Round "5"]
[White "Milroy, Melena"]
[Black "Muzzarelli, Yasmina"]
[Result "1-0"]
[WhiteElo "1704"]
[BlackElo "1142"]
[PlyCount "77"]
[EventDate "2020.12.13"]
[EventType "swiss (rapid)"]
[EventRounds "9"]
[EventCountry "USA"]
[SourceTitle "EXT 2022"]
[Source "ChessBase"]
[SourceDate "2021.10.06"]
[SourceVersion "1"]
[SourceVersionDate "2021.10.06"]
[SourceQuality "1"]

1. e4 d6 2. d4 Nf6 3. Nc3 Nbd7 4. Nf3 c6 5. e5 dxe5 6. dxe5 Ng4 7. Bf4 Qc7 8. Qe2 e6 9. h3 Ngxe5 10. Bxe5 Bd6 11. Bxd6 Qxd6 12. Rd1 Qb4 13. Qc4 Qxc4 14. Bxc4 0-0 15. 0-0 b5 16. Bb3 Nc5 17. Rd6 Nxb3 18. cxb3 Bb7 19. b4 a5 20. bxa5 Rxa5 21. a3 Raa8 22. Ne4 h6 23. Nc5 Bc8 24. Rxc6 f6 25. Nxe6 Bxe6 26. Rxe6 Rad8 27. Rb6 Rd5 28. Rc1 Rfd8 29. Rc7 Kh7 30. Rbb7 Rg8 31. Kh2 Kh8 32. Nh4 Rg5 33. f4 Rd5 34. Ng6+ Kh7 35. Ne7 Rd4 36. Nxg8 Kxg8 37. Rxg7+ Kf8 38. Rh7 Rxf4 39. Rh8# 1-0

[Event "FRA-chT Top 12 final (Women)"]
[Site "Saint Quentin"]
[Date "2019.06.29"]
[Round "1.1"]
[White "Milroy, Melena"]
[Black "Leconte, Maria"]
[Result "0-1"]
[WhiteElo "1707"]
[BlackElo "2245"]
[PlyCount "66"]
[EventDate "2019.06.29"]
[EventType "team-k.o."]
[EventRounds "2"]
[EventCountry "FRA"]
[SourceTitle "CBM 191 Extra"]
[Source "ChessBase"]
[SourceDate "2019.09.30"]
[SourceVersion "1"]
[SourceVersionDate "2019.09.30"]
[SourceQuality "1"]
[WhiteTeam "Clichy Echecs 92 (W)"]
[BlackTeam "Monaco (W)"]
[WhiteTeamCountry "FRA"]
[BlackTeamCountry "MNC"]

1. e4 c5 2. Nc3 e6 3. f4 d5 4. Bb5+ Nc6 5. Bxc6+ bxc6 6. Nf3 Nf6 7. d3 Ba6 8. e5 Nd7 9. 0-0 Be7 10. Qe1 c4 11. d4 Rb8 12. Qg3 0-0 13. f5 exf5 14. Bh6 g6 15. Bxf8 Nxf8 16. Rfb1 c5 17. Kh1 Ne6 18. Ne2 c3 19. Nxc3 cxd4 20. Nd1 Qc7 21. Qf2 Rb4 22. c3 dxc3 23. Nxc3 Qb7 24. a3 Rf4 25. Qd2 d4 26. Ne2 Rxf3 27. Ng3 Rd3 28. Qf2 Bh4 29. Qc2 f4 30. Nf1 f3 31. Rd1 Nf4 32. Rxd3 fxg2+ 33. Kg1 Bxd3 0-1

[Event "FRA-ch U20 Girls"]
[Site "Hyeres"]
[Date "2019.04.20"]
[Round "8"]
[White "Milroy, Melena"]
[Black "Aubert, Laurane"]
[Result "1/2-1/2"]
[WhiteElo "1720"]
[BlackElo "1953"]
[PlyCount "121"]
[EventDate "2019.04.14"]
[EventType "swiss"]
[EventRounds "9"]
[EventCountry "FRA"]
[SourceTitle "CBM 190 Extra"]
[Source "ChessBase"]
[SourceDate "2019.07.15"]
[SourceVersion "1"]
[SourceVersionDate "2019.07.15"]
[SourceQuality "1"]

1. e4 c5 2. Nc3 Nc6 3. Bb5 Nd4 4. Bc4 e6 5. d3 Nf6 6. f4 d5 7. Bb3 b5 8. e5 Nd7 9. Nf3 Rb8 10. Nxd4 cxd4 11. Ne2 Qb6 12. 0-0 a5 13. a3 g6 14. Qe1 Be7 15. Kh1 b4 16. axb4 axb4 17. Qf2 Bc5 18. Bd2 0-0 19. Qg3 Qc7 20. Ng1 f6 21. Nf3 Bb7 22. Qh3 Rbe8 23. Rae1 Bc8 24. Qg3 Nb8 25. f5 exf5 26. Bxd5+ Be6 27. Bxe6+ Rxe6 28. Bf4 Qb7 29. exf6 Rexf6 30. Be5 R6f7 31. Nxd4 Bxd4 32. Bxd4 Nc6 33. Bc5 Rd8 34. Rf3 Qb5 35. Bf2 Qd5 36. Rfe3 Qd7 37. Re6 Re7 38. Rxe7 Nxe7 39. Bc5 Nc6 40. Qh4 b3 41. Qc4+ Qf7 42. cxb3 Qxc4 43. dxc4 Rd3 44. h3 Rxb3 45. Ba3 Kf7 46. Kg1 h6 47. Kf2 g5 48. Re3 Rb7 49. Re2 Rb3 50. Re3 Rb8 51. Ke2 f4 52. Rd3 Rb7 53. b4 Ne5 54. Rc3 Ke6 55. b5 h5 56. Bb2 g4 57. hxg4 hxg4 58. Rc2 f3+ 59. gxf3 gxf3+ 60. Ke3 Nxc4+ 61. Rxc4 1/2-1/2

[Event "FRA-ch U20 Girls"]
[Site "Hyeres"]
[Date "2019.04.16"]
[Round "4"]
[White "Milroy, Melena"]
[Black "Aouachria, Marwa"]
[Result "0-1"]
[WhiteElo "1720"]
[BlackElo "1738"]
[PlyCount "48"]
[EventDate "2019.04.14"]
[EventType "swiss"]
[EventRounds "9"]
[EventCountry "FRA"]
[SourceTitle "CBM 190 Extra"]
[Source "ChessBase"]
[SourceDate "2019.07.15"]
[SourceVersion "1"]
[SourceVersionDate "2019.07.15"]
[SourceQuality "1"]

1. e4 c5 2. Nc3 Nc6 3. f4 e6 4. Nf3 Nge7 5. d4 cxd4 6. Nxd4 Nxd4 7. Qxd4 Nc6 8. Qf2 d5 9. exd5 exd5 10. Bd3 Bb4 11. Bd2 Qe7+ 12. Kd1 Bg4+ 13. Kc1 0-0-0 14. Qg3 Qd7 15. Nxd5 Bxd2+ 16. Kxd2 Bf5 17. c4 Ne7 18. Rhc1 Kb8 19. Rc3 Nxd5 20. cxd5 Qxd5 21. Kc2 Bxd3+ 22. Rxd3 Qf5 23. Rad1 Rd5 24. Qxg7 Rc8+ 0-1

[Event "FRA-ch U20 Girls"]
[Site "Hyeres"]
[Date "2019.04.15"]
[Round "2"]
[White "Milroy, Melena"]
[Black "Guigue, Marie Celine"]
[Result "1-0"]
[WhiteElo "1720"]
[BlackElo "1338"]
[PlyCount "85"]
[EventDate "2019.04.14"]
[EventType "swiss"]
[EventRounds "9"]
[EventCountry "FRA"]
[SourceTitle "CBM 190 Extra"]
[Source "ChessBase"]
[SourceDate "2019.07.15"]
[SourceVersion "1"]
[SourceVersionDate "2019.07.15"]
[SourceQuality "1"]

1. e4 e5 2. Bc4 Nf6 3. d4 exd4 4. Nf3 Nc6 5. e5 Ng4 6. Bxf7+ Kxf7 7. Ng5+ Kg8 8. Qxg4 d6 9. Qf3 Qe7 10. Qd5+ Be6 11. Qxe6+ Qxe6 12. Nxe6 Rc8 13. Nxf8 Rxf8 14. exd6 cxd6 15. 0-0 g6 16. b3 h5 17. Bb2 Rh7 18. Nd2 Nb4 19. Rfc1 Rc7 20. Bxd4 Rxc2 21. Nf3 Rfc8 22. Rxc2 Rxc2 23. a3 Nc6 24. Be3 Rc3 25. b4 a6 26. g3 Rd3 27. Kg2 Kf7 28. Kh3 Kf6 29. Ne1 Rd5 30. Nc2 Rd3 31. Re1 Rd5 32. Bc1 Kf7 33. f4 Ne7 34. Ne3 Rd3 35. Rd1 Rxd1 36. Nxd1 Ke6 37. Ne3 Nf5 38. Nxf5 Kxf5 39. Kh4 b5 40. Bb2 d5 41. Ba1 Ke6 42. Kg5 Kf7 43. Bd4 1-0

[Event "FRA-ch U18 "]
[Site "Agen"]
[Date "2018.04.18"]
[Round "5"]
[White "El Barbry, Sarah"]
[Black "Milroy, Melena"]
[Result "1/2-1/2"]
[WhiteElo "1750"]
[BlackElo "1718"]
[PlyCount "93"]
[EventDate "2018.04.15"]
[EventType "swiss"]
[EventRounds "9"]
[EventCountry "FRA"]
[SourceTitle "EXT 2019"]
[Source "ChessBase"]
[SourceDate "2018.10.10"]
[SourceVersion "1"]
[SourceVersionDate "2018.10.10"]
[SourceQuality "1"]

1. e4 d5 2. exd5 Qxd5 3. Nf3 Nc6 4. Be2 Bg4 5. 0-0 0-0-0 6. h3 Bh5 7. Nc3 Qd7 8. b4 f6 9. Rb1 g5 10. b5 Na5 11. Nh2 Bxe2 12. Qxe2 h5 13. d3 g4 14. hxg4 hxg4 15. Qxg4 f5 16. Qg3 e6 17. Bf4 Nf6 18. Qe3 b6 19. Rfe1 Re8 20. Be5 Bd6 21. Bxd6 cxd6 22. f3 Qh7 23. Nf1 Qh1+ 24. Kf2 Rhg8 25. Ng3 Qh4 26. Nce2 Nd5 27. Qd4 f4 28. Kg1 Rxg3 29. Nxg3 Qxg3 30. Qf2 Qg5 31. Kf1 Rh8 32. Qg1 e5 33. c4 Ne3+ 34. Rxe3 fxe3 35. Ke2 Rg8 36. g4 Nb7 37. Qxe3 Nc5 38. Qxg5 Rxg5 39. Ke3 Kd7 40. Rh1 Rg7 41. d4 exd4+ 42. Kxd4 Rf7 43. Ke3 Ne6 44. Rh5 Nf4 45. Rh6 Ne6 46. Rh5 Ke7 47. Ke4 1/2-1/2

[Event "FRA-ch U16 Girls"]
[Site "Pau"]
[Date "2015.05.03"]
[Round "9"]
[White "Broly, Mathilde"]
[Black "Milroy, Melena"]
[Result "1-0"]
[WhiteElo "1905"]
[BlackElo "1706"]
[PlyCount "111"]
[EventDate "2015.04.26"]
[EventType "swiss"]
[EventRounds "9"]
[EventCountry "FRA"]
[SourceTitle "CBM 166 Extra"]
[Source "ChessBase"]
[SourceDate "2015.06.18"]
[SourceVersion "1"]
[SourceVersionDate "2015.06.18"]
[SourceQuality "1"]

1. Nf3 Nc6 2. d4 d5 3. Bf4 Bg4 4. e3 Bxf3 5. Qxf3 Nf6 6. c3 e6 7. Nd2 Qd7 8. Bb5 h6 9. e4 0-0-0 10. e5 Ng8 11. b4 f6 12. a4 Re8 13. Bxc6 Qxc6 14. b5 Qd7 15. Qd3 g5 16. Bg3 Bg7 17. a5 fxe5 18. dxe5 Ne7 19. Nb3 Nf5 20. b6 Qc6 21. bxa7 Kd7 22. a6 b6 23. Nd4 Nxd4 24. cxd4 Qa8 25. 0-0 Qxa7 26. Qg6 Bf8 27. Rfc1 Bb4 28. Rc2 Be7 29. Rac1 c5 30. dxc5 bxc5 31. Qd3 Rc8 32. h3 Rc6 33. Ra2 Rb8 34. Ra5 Rbb6 35. Rca1 c4 36. Qe3 c3 37. Kh2 c2 38. Rc1 Rc4 39. Ra2 Bc5 40. Qd3 Rxa6 41. Raxc2 Rxc2 42. Qxc2 Rc6 43. Qh7+ Be7 44. Rxc6 Kxc6 45. Qxh6 d4 46. Qxe6+ Kb5 47. Qd5+ Qc5 48. Qb7+ Ka4 49. e6 Qb4 50. Qd7+ Kb3 51. Be5 Bc5 52. e7 Bxe7 53. Qxd4 Qe1 54. Qb2+ Kc4 55. Qd4+ Kb5 56. Qd7+ 1-0

[Event "FRA-ch U16 Girls"]
[Site "Pau"]
[Date "2015.04.30"]
[Round "6"]
[White "Le Bihan, Alison"]
[Black "Milroy, Melena"]
[Result "1/2-1/2"]
[WhiteElo "1699"]
[BlackElo "1673"]
[PlyCount "104"]
[EventDate "2015.04.26"]
[EventType "swiss"]
[EventRounds "9"]
[EventCountry "FRA"]
[SourceTitle "CBM 166 Extra"]
[Source "ChessBase"]
[SourceDate "2015.06.18"]
[SourceVersion "1"]
[SourceVersionDate "2015.06.18"]
[SourceQuality "1"]

1. d4 c5 2. d5 Nf6 3. Nf3 e6 4. Nc3 exd5 5. Nxd5 Nc6 6. c4 d6 7. Nxf6+ Qxf6 8. e3 Qd8 9. Be2 Be7 10. 0-0 Bf6 11. Rb1 Nb4 12. a3 Bf5 13. Ra1 Nc6 14. Bd3 Bg4 15. Be2 0-0 16. Rb1 Qc7 17. b3 Rfd8 18. e4 Rab8 19. Bf4 a6 20. Nd2 Be6 21. Qc1 b5 22. Re1 Be5 23. Bxe5 dxe5 24. Nf1 Nd4 25. Nd2 Rd7 26. Bf1 Rbd8 27. Qb2 Bg4 28. f3 Be6 29. Ra1 Nc6 30. Nb1 Na7 31. cxb5 axb5 32. a4 c4 33. bxc4 bxc4 34. Nc3 Qc5+ 35. Qf2 Qb4 36. Rec1 Qa5 37. Rab1 Rd6 38. Nd5 Bxd5 39. exd5 Qxa4 40. Ra1 Qb4 41. Qxa7 c3 42. Qa5 Qd4+ 43. Kh1 Rc8 44. Qa4 Rxd5 45. Qxd4 exd4 46. Bd3 g6 47. Ra4 Kg7 48. Kg1 Kf6 49. Be4 Rd6 50. Rd1 c2 51. Bxc2 Rxc2 52. Raxd4 Rxd4 1/2-1/2